00305 a2200109 4500001001000000005001700010008004100027245003800068100002700106773004500133999001700178ART_3305020260410161926.0260409a 10aMecanismos del Protocolo de Kioto1 aGodoy, María Natalia0 tLecturasg- Nº 13 (ene. 2009)wREV19328 c28183d28183